000 00321nam a22001457a 4500
008 231102b ||||| |||| 00| 0 eng d
020 _a0262070944
041 _aeng
080 _a521
082 _a521 GAR
100 _a19
101 _aASTRO
245 _aMAXWELL ON MOLECULES AND GASES
_cGARBER.E
942 _2udc
_cBK
999 _c60493
_d60493